| 000 | 00416nam a2200181Ia 4500 | ||
|---|---|---|---|
| 005 | 20250423100539.0 | ||
| 008 | 250422s9999 xx 000 0 und d | ||
| 020 | _a9781398647 | ||
| 050 | _aPR 9346 .P745/ | ||
| 100 | _aEruvbetine, A. E. | ||
| 245 | 0 | _aPoetry for senior secondary schools | |
| 260 | _aIkeja | ||
| 260 | _bLongman | ||
| 260 | _c1991 | ||
| 300 | _a100 p | ||
| 650 | _aLiterature | ||
| 942 | _cBK | ||
| 999 |
_c33636 _d33636 |
||